[Event "Euskadi-chT (Vasca) Div Honor"]
[Site "Bergara"]
[Date "2012.03.10"]
[Round "9.4"]
[White "Lakunza Oyarbide, Juan Carlos"]
[Black "Fernandez Hernandez, Gerardo"]
[Result "1/2-1/2"]
[WhiteElo "2111"]
[BlackElo "2176"]
[PlyCount "43"]
[EventDate "2012.01.14"]
[EventType "team-tourn"]
[EventRounds "9"]
[EventCountry "ESP"]
[SourceTitle "EXT 2024"]
[Source "ChessBase"]
[SourceDate "2023.10.10"]
[SourceVersion "1"]
[SourceVersionDate "2023.10.10"]
[SourceQuality "1"]
[WhiteTeam "Easo Xake Taldea"]
[BlackTeam "Zuri Baltza"]
[WhiteTeamCountry "ESP"]
[BlackTeamCountry "ESP"]

1. d4 Nf6 2. Nf3 d6 3. c4 g6 4. Nc3 Bg7 5. e4 0-0 6. Be2 Bg4 7. Be3 Nfd7 8. Qd2 c5 9. d5 Na6 10. Bh6 Nc7 11. Bxg7 Kxg7 12. h3 Bxf3 13. Bxf3 a6 14. Be2 Rb8 15. a4 Re8 16. 0-0 h5 17. Bxh5 gxh5 18. Qg5+ Kh7 19. Qxh5+ Kg7 20. Qg5+ Kh7 21. Qh5+ Kg7 22. Qg5+ 1/2-1/2

[Event "Euskadi-chT (Vasca) Div Honor"]
[Site "Bergara"]
[Date "2012.03.03"]
[Round "8.2"]
[White "Lakunza Oyarbide, Juan Carlos"]
[Black "Gonzalez de la Torre, Santiago"]
[Result "0-1"]
[WhiteElo "2111"]
[BlackElo "2441"]
[PlyCount "110"]
[EventDate "2012.01.14"]
[EventType "team-tourn"]
[EventRounds "9"]
[EventCountry "ESP"]
[SourceTitle "EXT 2024"]
[Source "ChessBase"]
[SourceDate "2023.10.10"]
[SourceVersion "1"]
[SourceVersionDate "2023.10.10"]
[SourceQuality "1"]
[WhiteTeam "Easo Xake Taldea"]
[BlackTeam "Gros Xake Taldea"]
[WhiteTeamCountry "ESP"]
[BlackTeamCountry "ESP"]

1. Nf3 c5 2. c4 Nf6 3. g3 d5 4. cxd5 Nxd5 5. Bg2 Nc6 6. Nc3 Nc7 7. b3 e5 8. Bb2 Be7 9. Rc1 f6 10. 0-0 0-0 11. d3 Bg4 12. h3 Be6 13. Na4 b6 14. a3 Qd7 15. Kh2 Na5 16. Nd2 Nxb3 17. Nxb6 axb6 18. Nxb3 Ra4 19. Qc2 Bd5 20. Bxd5+ Nxd5 21. Nd2 Kh8 22. Qb3 Bd8 23. Rc4 Rxc4 24. Nxc4 b5 25. Nd2 Bb6 26. Ne4 Rc8 27. Rc1 h6 28. Kg2 Qc6 29. Kg1 c4 30. dxc4 bxc4 31. Qf3 Qb5 32. Bxe5 fxe5 33. Nd6 Qb2 34. Rd1 Qb3 35. Rxd5 Qxf3 36. exf3 c3 37. Rd1 c2 38. Rc1 Rc5 39. Ne4 Rc6 40. Kf1 Bd4 41. Ke2 Bb2 42. Kd2 Bxc1+ 43. Kxc1 Kh7 44. a4 Kg6 45. a5 Kf5 46. a6 Rxa6 47. Kxc2 Ra3 48. Nd2 g5 49. Kd1 Ra1+ 50. Ke2 Rh1 51. Nc4 Rxh3 52. Ne3+ Ke6 53. g4 e4 54. fxe4 Ke5 55. Nf5 Kxe4 0-1

[Event "Basque-chT"]
[Site "Bergara"]
[Date "2012.02.11"]
[Round "5"]
[White "Romero Holmes, Alfonso"]
[Black "Lakunza Oyarbide, Juan Carlos"]
[Result "1-0"]
[WhiteElo "2501"]
[BlackElo "2111"]
[PlyCount "53"]
[EventDate "2012.01.14"]
[EventType "team"]
[EventRounds "9"]
[EventCountry "ESP"]
[SourceTitle "EXT 2013"]
[Source "ChessBase"]
[SourceDate "2012.11.22"]
[SourceVersion "1"]
[SourceVersionDate "2012.11.22"]
[SourceQuality "1"]
[WhiteTeam "Sestao"]
[BlackTeam "Easo Xake Taldea"]
[WhiteTeamCountry "ESP"]
[BlackTeamCountry "ESP"]

1. c4 Nf6 2. Nc3 g6 3. e4 d6 4. d4 Bg7 5. h3 0-0 6. Nge2 e5 7. d5 Nbd7 8. g4 Ne8 9. Be3 f5 10. gxf5 gxf5 11. exf5 Rxf5 12. Ng3 Rf7 13. Nce4 Nf8 14. Rg1 Bf5 15. Ng5 Rf6 16. Nxf5 Rxf5 17. Bd3 e4 18. Bxe4 Re5 19. Qh5 Nf6 20. Qf7+ Kh8 21. Bd4 Qe7 22. Bxe5 Qxe5 23. Qxg7+ Kxg7 24. Nf3+ Ng6 25. Nxe5 Re8 26. Bxg6 Rxe5+ 27. Be4+ 1-0

[Event "Basque-chT"]
[Site "Bergara"]
[Date "2012.01.14"]
[Round "1"]
[White "Lakunza Oyarbide, Juan Carlos"]
[Black "Munoz Perez, Ivan"]
[Result "1-0"]
[WhiteElo "2111"]
[BlackElo "2291"]
[PlyCount "53"]
[EventDate "2012.01.14"]
[EventType "team"]
[EventRounds "9"]
[EventCountry "ESP"]
[SourceTitle "EXT 2013"]
[Source "ChessBase"]
[SourceDate "2012.11.22"]
[SourceVersion "1"]
[SourceVersionDate "2012.11.22"]
[SourceQuality "1"]
[WhiteTeam "Easo Xake Taldea"]
[BlackTeam "Batalla"]
[WhiteTeamCountry "ESP"]
[BlackTeamCountry "ESP"]

1. e4 e5 2. Nf3 d6 3. d4 Qe7 4. Nc3 c6 5. a4 h6 6. Be3 Nf6 7. Bc4 Nbd7 8. 0-0 g5 9. h4 g4 10. dxe5 gxf3 11. exf6 Qxf6 12. Qxf3 Qxf3 13. gxf3 Be7 14. Rad1 Ne5 15. Be2 Bh3 16. Rfe1 0-0-0 17. Kh2 Be6 18. Bxa7 Bxh4 19. Bb6 Rdg8 20. Rxd6 Bf6 21. Kh1 Ng6 22. Bc4 Be5 23. Rxe6 fxe6 24. Bxe6+ Kb8 25. Bxg8 Rxg8 26. Rg1 Kc8 27. Be3 1-0